[Event "8. Arber-Schachopen 2019"]
[Site "Bodenmais"]
[Date "2019.07.28"]
[Round "2.15"]
[White "Strangmueller, Andreas"]
[Black "Pohl-Kuemmel, Jens-Uwe"]
[Result "0-1"]
[WhiteElo "1968"]
[BlackElo "2288"]
[Annotator "TA"]
[PlyCount "28"]
[EventDate "2019.07.27"]
[EventCountry "GER"]
[SourceTitle "playchess.com"]
[Source "ChessBase"]
[SourceQuality "1"]

{[%evp 19,28,8,16,-144,-148,-141,-145,-192,-180,-177,-170]} 1. d4 Nf6 2. Nf3 d6 3. c4 g6 4. Nc3 Bg7 5. e4 O-O 6. Be2 Na6 {[%cal Bb8a6,Ba6c5,Bc5e4][%mdl 32]} 7. O-O e5 8. d5 Nc5 9. Qc2 a5 {[%cal Ba7a5,Ba5a4][%mdl 32]} 10. b3 Bd7 11. Rb1 $2 {[#] E94: King's Indian: Classical: 6 Be2 e5 7 0-0: Various Black 7th moves} ({White should play} 11. Bg5 $11) (11. Be3 Ng4 12. Bxc5 dxc5 13. h3 Nf6 14. Nxe5 Nxd5 15. Nxd7 Nb4 16. Qd1 Bxc3 17. Rc1 Bd4 18. Nxf8 Nxa2 19. Rc2 Nb4 20. Nxg6 Nxc2 21. Qxc2 hxg6 22. Kh1 Kg7 23. f4 Qd7 24. Bg4 Qxg4 {0-1 (24) Cvek,R (2541)-Rausis,I (2512) Czechia 2012}) 11... Nfxe4 $1 $17 {[%mdl 512] Black is clearly better.} 12. Nxe4 Nxe4 13. a3 $146 ({Predecessor:} 13. Ba3 Nc5 14. Bxc5 dxc5 15. Nd2 f5 16. a3 b6 17. b4 axb4 18. axb4 Ba4 {0-1 (35) Kipper,J-Bauer,M (2250) Wolfstein 1994}) 13... Nc5 14. Qd1 a4 0-1

[Event "8. Arber-Schachopen 2019"]
[Site "Bodenmais"]
[Date "2019.07.28"]
[Round "2.16"]
[White "Woelk, Tom-Frederic"]
[Black "Pfeifer, Wilfried"]
[Result "1-0"]
[WhiteElo "2229"]
[BlackElo "1916"]
[Annotator "TA"]
[PlyCount "73"]
[EventDate "2019.07.27"]
[EventCountry "GER"]
[SourceTitle "playchess.com"]
[Source "ChessBase"]
[SourceQuality "1"]

{[%evp 9,85,57,68,0,8,-29,-34,-30,-22,-85,-91,-106,-40,0,0,0,-1,0,-18,-21,0,0,19,20,23,23,23,14,23,24,25,2,13,0,91,51,49,49,49,49,49,49,49,49,49,49,50,14,17,7,324,324,319,313,513,500,509,502,480,485,481,479,572,572,572,572,572,568,572,565,558,558,551,551,543,530,512,507]} 1. d4 f5 2. Bg5 h6 3. Bh4 g5 4. Bg3 Bg7 5. e3 Nf6 6. c4 {A80: Dutch Defence: Unusual White second moves} (6. Nc3 $14) (6. h4 g4 7. h5 d6 8. Ne2 Be6 9. Nf4 Bf7 10. Bb5+ c6 11. Bd3 Qd7 12. Nc3 Na6 13. a3 Nc7 14. Qe2 {1-0 (59) Predke,A (2604)-Potapov,P (2515) Khanty-Mansiysk 2018}) 6... c5 $146 ({Predecessor:} 6... d6 7. Nc3 e6 8. Bd3 Qe7 9. Qc2 O-O 10. Nge2 Nc6 11. a3 Bd7 12. h4 g4 13. Nf4 Qf7 14. Rd1 Ne7 15. Qb3 e5 16. Nfe2 Nh5 17. dxe5 dxe5 18. Nd5 Nxd5 19. cxd5 f4 20. Bc4 b5 {0-1 (20) Bandy,A (2300)-Krizsany,L (2435) Hungary 2010}) 7. Bxb8 Rxb8 8. Nc3 {Black is slightly better.} O-O 9. Nf3 (9. Nge2 $11 {remains equal.}) 9... Ne4 $17 10. Bd3 {[#]} Qa5 (10... Nxc3 $1 $17 11. bxc3 d6) 11. Bxe4 $15 fxe4 12. Nd2 $1 cxd4 13. exd4 Bxd4 14. Ndxe4 Bxc3+ (14... Qe5 {keeps more tension.} 15. O-O b6 16. Qd3 Qg7 17. Rad1 Be5) 15. Nxc3 Qe5+ 16. Qe2 Qxe2+ 17. Kxe2 d6 18. Rhe1 Bd7 19. Kf1 Kf7 20. Re3 b5 21. Rae1 e5 (21... Rfe8 $11 {keeps the balance.}) 22. c5 {Hoping for Rd1.} ({Much weaker is} 22. cxb5 $6 Bxb5+ 23. Kg1 Bc6 $11) 22... b4 23. Ne4 dxc5 24. Nxc5 Bb5+ 25. Kg1 Rfe8 26. Rxe5 Rxe5 27. Rxe5 $14 {[%mdl 4096] Endgame KRB-KRN} Rd8 {[#] ( -> ...Rd1+)} 28. h4 gxh4 29. Kh2 {Nb7 is the strong threat.} Rd2 $2 {[%mdl 8192]} (29... Bf1 $11 {and Black has nothing to worry.}) 30. Nb3 $1 $18 {[%csl LRb5,LRd2]} Rxb2 31. Rxb5 Rxa2 $2 {KRN-KR} (31... Rxf2 32. Ra5 Ke7 33. Rxa7+ Kd6) 32. f3 {White is clearly winning.} Rb2 33. Rxb4 Kf6 34. Rb7 Ra2 35. Nc5 a5 36. Rb6+ Kg7 37. Kh3 {Played: Rb6-a6} 1-0

[Event "8. Arber-Schachopen 2019"]
[Site "Bodenmais"]
[Date "2019.07.28"]
[Round "2.17"]
[White "Reuter, Roland"]
[Black "Vuckovic, Zarko"]
[Result "0-1"]
[WhiteElo "1930"]
[BlackElo "2214"]
[Annotator "TA"]
[PlyCount "66"]
[EventDate "2019.07.27"]
[EventCountry "GER"]
[SourceTitle "playchess.com"]
[Source "ChessBase"]
[SourceQuality "1"]

{[%evp 9,74,-24,-24,-37,-24,-33,-47,-39,-22,-31,-29,-27,-31,-38,-42,-45,-31,-41,-35,-60,-50,-48,-56,-75,-80,-77,-65,-103,-59,-97,-39,-47,-38,-75,-66,-120,-67,-131,-157,-232,-218,-228,-235,-231,-233,-235,-236,-219,-208,-219,-219,-229,-224,-308,-302,-314,-314,-392,-366,-364,-198,-370,-321,-345,-269,-1524,-323]} 1. e4 c5 2. Nf3 e6 3. d4 cxd4 4. c3 dxc3 5. Nxc3 a6 6. Be2 {B21: Sicilian: 2 f4 and Morra Gambit} (6. Bc4 Nc6 7. O-O Nge7 8. Bg5 h6 9. Be3 Ng6 10. Nd4 Be7 11. f4 O-O 12. Qh5 Nxd4 13. Bxd4 Qc7 14. Bd3 Nxf4 15. Qg4 Ng6 16. e5 Nxe5 {0-1 (32) Moiseenko,V (2517)-Alekseev,E (2627) Yaroslavl 2018}) 6... b5 7. O-O Bb7 8. a3 $146 {Black is slightly better.} ({Predecessor:} 8. Qd3 b4 9. Na4 Nf6 10. Bg5 Bxe4 11. Qe3 Bc6 12. Nb6 Ra7 13. Nd5 Rb7 14. Nxf6+ gxf6 {½-½ (36) Schroeder,M (2389)-Morozov,D (2333) ICCF email 2011}) 8... Ne7 9. Bf4 Ng6 10. Bg3 Be7 11. Rc1 O-O 12. Qd2 Nc6 13. Rfd1 Qb6 14. Qxd7 Rac8 {Threatens to win with ...Rfd8.} 15. Qd3 Na5 16. Qb1 Nb3 17. Rc2 Rfd8 18. Bd3 Rd7 19. Re2 Na5 (19... h5 $17 20. h3 h4) 20. h4 $15 h6 21. h5 Nf8 22. e5 {[#]} ({White should play} 22. Re3 $15) 22... Nc4 ({Better is} 22... Bxa3 $1 $17 {[%mdl 512]} 23. Nxb5 (23. bxa3 Rxc3) 23... axb5 24. bxa3 Nc4) 23. Ne4 (23. Bh7+ $15 Kh8 24. Be4) 23... Rcd8 $17 24. Bc2 (24. Ne1 $17) 24... Rxd1+ $19 25. Bxd1 {[#]} Nxb2 $1 {[%mdl 512]} 26. Bb3 (26. Qxb2 Rxd1+) 26... Nd3 ({Much less strong is} 26... Bxa3 27. Nd6 $17) 27. Bc2 {[#]} Nc5 $1 28. Nd6 Bxf3 ({Don't take} 28... Bxd6 29. exd6 Rc8 30. Qd1 $17) 29. gxf3 Bxd6 30. exd6 Nb7 31. Qb4 Nxd6 32. Rd2 {[%cal Rg3d6]} Nc4 33. Re2 a5 {Played: Qb6-d4} 0-1

[Event "8. Arber-Schachopen 2019"]
[Site "Bodenmais"]
[Date "2019.07.28"]
[Round "2.18"]
[White "Senner, Peter"]
[Black "Speicher, Franz"]
[Result "1-0"]
[WhiteElo "2231"]
[BlackElo "1895"]
[Annotator "TA"]
[PlyCount "43"]
[EventDate "2019.07.27"]
[EventCountry "GER"]
[SourceTitle "playchess.com"]
[Source "ChessBase"]
[SourceQuality "1"]

{[%evp 9,63,0,0,0,0,0,6,0,0,-31,-31,-86,-86,-84,22,-39,-18,-23,-15,-14,-23,-14,3,-42,-25,-81,-30,-20,-6,-9,-30,0,0,0,0,-205,-220,-216,-216,-208,-207,-196,-212,-338,-347,-386,-298,-920,-320,-483,-469,-474,-475,-447,948,941]} 1. e4 c6 2. d4 d5 3. e5 c5 4. Nf3 Nc6 (4... cxd4 5. Nxd4 e6 6. Nd2 Ne7 7. Bd3 Nec6 8. N2f3 Nxd4 9. Nxd4 Nc6 10. Nf3 Bc5 11. O-O h6 12. c3 a6 13. Re1 {1-0 (57) Jones,G (2682)-Indjic,A (2620) St Petersburg 2018}) 5. Bb5 cxd4 6. Nxd4 {B12: Caro-Kann: Advance Variation} Bd7 7. Nxc6 Bxc6 8. Be2 {The position is equal.} e6 9. Be3 $146 ({Predecessor:} 9. Nd2 Bc5 10. a3 a5 11. c3 Ne7 12. b4 axb4 13. cxb4 Bxb4 14. Bb2 {0-1 (40) Le,H-Nguyen Tran Sy,N Vung Tau 2004}) 9... Ne7 10. f4 (10. O-O $15) 10... Nf5 $17 11. Bf2 Qa5+ (11... g5 $17 12. Bd3 d4 13. Bxf5 exf5 14. Qxd4 Qxd4 15. Bxd4 gxf4) 12. c3 (12. Qd2 $1 $11 Bb4 13. c3) 12... Bc5 {Strongly threatening ...Bxf2+.} 13. O-O $1 Ne3 14. Bxe3 $1 Bxe3+ 15. Kh1 O-O-O 16. a4 d4 {And now ...dxc3 would win.} 17. b4 Qd5 ({Better is} 17... Qc7 $17 18. Qd3 f5) 18. Bf3 $11 Qc4 19. Na3 $132 {[%mdl 2048] White has counterplay} Qxc3 20. Nb5 Bxb5 21. axb5 d3 $1 {[%cal Rd3d2] [#] Threatens to win with ...d2.} 22. b6 {Played: Bf3xb7} 1-0

[Event "8. Arber-Schachopen 2019"]
[Site "Bodenmais"]
[Date "2019.07.28"]
[Round "2.19"]
[White "Vennemann, Juergen"]
[Black "Kleibel, Uwe"]
[Result "0-1"]
[WhiteElo "1925"]
[BlackElo "2217"]
[Annotator "TA"]
[PlyCount "74"]
[EventDate "2019.07.27"]
[EventCountry "GER"]
[SourceTitle "playchess.com"]
[Source "ChessBase"]
[SourceQuality "1"]

{[%evp 17,74,62,85,22,22,0,61,49,61,40,58,56,67,29,90,97,86,29,34,30,46,13,14,7,14,5,44,14,20,4,16,-97,-100,-107,-107,-128,-133,-146,-119,-533,-527,-634,-626,-864,-853,-1932,-1848,-1821,-1679,-2334,-2279,-2201,-2161,-2397,-2320,-29985,-29986,-29986,-29987]} 1. d4 Nf6 2. c4 g6 3. Nc3 Bg7 4. e4 O-O 5. f3 d6 6. Be3 e5 7. d5 Nh5 8. Qd2 Qh4+ 9. Bf2 Qe7 10. Bd3 {E87: King's Indian: Sämisch: 6...e5 7 d5} (10. Nge2 $16) (10. O-O-O f5 11. exf5 gxf5 12. g3 Nd7 13. Bd3 a6 14. Nge2 e4 15. fxe4 Ne5 16. Nf4 {½-½ (16) Lupulescu,C (2592)-Badea,B (2487) Baile Olanesti 2010}) 10... Nf4 $11 11. Bf1 $146 ({Predecessor:} 11. Bc2 Nxg2+ 12. Kd1 Nf4 13. h4 a5 14. Nce2 Bh6 15. Be3 Qf6 16. Nxf4 Bxf4 17. Ne2 Bxe3 18. Qxe3 {0-1 (33) Dupitier,M (1864)-Aubry,Y (1954) Rennes 2009}) 11... Na6 (11... Nh5 $1 $11) 12. g3 {White is slightly better.} Nh5 13. O-O-O Bd7 14. g4 Nf4 15. Nge2 Nc5 (15... Bh6 $11 16. Kb1 Nxe2 17. Qxe2 f5) 16. Nxf4 $16 {[#] Nd3 is the strong threat.} exf4 17. Bd4 (17. Qxf4 $16 f5 18. exf5) 17... Be5 18. h4 h6 19. h5 g5 20. Bxe5 Qxe5 21. Qd4 Qe7 22. Bd3 (22. b4 $5 {[%cal Rb4c5]} Na4 23. Nxa4 Bxa4 24. Rd2 $14) 22... Be8 23. Rhe1 Nd7 24. e5 (24. Kb1 $11 {keeps the balance.}) 24... Nxe5 $17 25. Bc2 f6 26. Qe4 Bd7 27. Nb5 f5 28. Qd4 $2 {[%mdl 8192]} (28. gxf5 $17 {nothing else works.} Bxf5 29. Qe2) 28... fxg4 $19 29. Nxc7 Rac8 30. c5 {If White can now play cxd6 this consolidates a bit.} Rxc7 31. cxd6 {[#]} Rxc2+ $1 {[%mdl 64] Remove Defender} 32. Kxc2 Qh7+ 33. Kb3 Nxf3 {[%mdl 64] Double Attack} 34. Qc3 Nxe1 35. Rxe1 Qf5 36. Re7 Qxd5+ 37. Ka3 Qxd6+ {[%mdl 64] Double Attack. Accuracy: White = 15%, Black = 52%.} 0-1

[Event "8. Arber-Schachopen 2019"]
[Site "Bodenmais"]
[Date "2019.07.28"]
[Round "2.20"]
[White "Hoffmann, Sebastian"]
[Black "Lorencova, Vera"]
[Result "1-0"]
[WhiteElo "2199"]
[BlackElo "1892"]
[Annotator "TA"]
[PlyCount "43"]
[EventDate "2019.07.27"]
[EventCountry "GER"]
[SourceTitle "playchess.com"]
[Source "ChessBase"]
[SourceQuality "1"]

{[%evp 17,75,2,2,-4,0,-4,0,0,14,10,0,9,68,78,146,166,162,104,178,165,158,163,233,170,165,177,222,132,706,272,242,206,259,242,306,297,302,277,277,277,294,251,289,239,347,344,489,489,487,486,470,462,590,515,691,670,643,633,578,555]} 1. e4 e5 2. Nf3 Nf6 3. Nc3 Nc6 4. d4 exd4 5. Nxd4 Bb4 6. Nxc6 bxc6 7. Bd3 O-O 8. O-O d5 9. exd5 cxd5 10. h3 {C47: Scotch Four Knights and Four Knights with 4 g3} (10. Bg5 c6 11. Qf3 Bd6 12. Rae1 Rb8 13. Nd1 h6 14. Bxf6 Qxf6 15. Qxf6 gxf6 16. b3 Kg7 17. Ne3 Re8 18. Nf5+ Bxf5 19. Bxf5 Re5 20. Bd7 Rb6 21. g3 {½-½ (43) Rapport,R (2726)-Ding,L (2809) Shenzhen 2019}) 10... c6 11. Qf3 h6 12. Bf4 {The position is equal.} Be6 13. a3 Bd6 14. b4 $146 ({Predecessor:} 14. Ne2 c5 15. Bxd6 Qxd6 16. Ng3 c4 17. Bf5 Rab8 {0-1 (73) Stefanovic,O (1764)-Mikicic,D (2163) Belgrade 2014}) 14... Qc7 ({Black should try} 14... Re8 $11) 15. Bxh6 $14 Ng4 (15... Nd7 $142) 16. hxg4 $16 gxh6 {[#]} 17. Ne2 ({Better is} 17. Rae1 $1 $18) 17... Bh2+ (17... Qe7 $16) 18. Kh1 $18 {Black must now prevent g3.} Be5 19. Rae1 h5 (19... Qd6 $142 20. Ng3 Rfe8) 20. gxh5 {Strongly threatening Qe3.} Qe7 {[#] And now ...Qh4+ would win.} 21. Ng3 Bc7 22. Nf5 {Played: Qf3-g4} 1-0

[Event "8. Arber-Schachopen 2019"]
[Site "Bodenmais"]
[Date "2019.07.28"]
[Round "2.21"]
[White "Beck, Gerald"]
[Black "Hoehfeld, Markus"]
[Result "1-0"]
[WhiteElo "2176"]
[BlackElo "1895"]
[Annotator "TA"]
[PlyCount "115"]
[EventDate "2019.07.27"]
[EventCountry "GER"]
[SourceTitle "playchess.com"]
[Source "ChessBase"]
[SourceQuality "1"]

{[%evp 13,115,3,25,14,20,8,13,20,27,8,24,13,17,10,22,27,31,32,42,28,52,9,30,29,28,38,106,31,65,72,97,81,96,54,70,56,60,0,62,57,78,51,67,62,281,301,280,-20,165,18,105,0,124,124,116,122,114,110,302,254,305,302,425,412,29988,5414,2231,2172,1289,283,431,412,405,391,581,583,507,76,67,80,73,80,77,55,80,80,80,80,80,80,90,90,554,554,539,538,527,522,6295,6131,5916,5916,5052,4872]} 1. c4 e5 2. g3 Nc6 3. Nc3 g6 4. Bg2 Bg7 5. e4 d6 6. Nge2 f5 7. d3 Nf6 8. O-O {A26: English Opening vs King's Indian with ...Nc6 and d3} fxe4 (8... O-O 9. h3 Bd7 10. Be3 a6 11. Rc1 Rb8 12. Nd5 Nxd5 13. cxd5 Ne7 14. Qb3 b6 15. Rc2 h6 16. f4 Kh7 17. Kh2 {1-0 (74) Le,Q (2714)-Alekseenko,K (2638) St Petersburg 2018}) 9. dxe4 Be6 10. Nd5 {The position is equal.} O-O 11. Bg5 Qd7 12. Qd2 Rf7 13. Rad1 Bh3 14. f3 Bxg2 15. Kxg2 Qe6 16. b4 Ne8 $146 ({Predecessor:} 16... b6 17. Rf2 {½-½ (72) Fierz,M (2319)-Bor,W (2224) Triesen 2006}) 17. Be3 Nd8 18. Qd3 c6 19. Ndc3 Bf8 (19... Nf6 $14) 20. Rf2 ({White should try} 20. f4 $16) 20... Qf6 21. f4 Qg7 22. Rdf1 Ne6 23. f5 gxf5 24. exf5 N6c7 $1 25. Ne4 (25. h3 $1 $14) 25... d5 (25... h6 $1 $11) 26. Ng5 $14 Rf6 27. cxd5 cxd5 28. Ne6 $36 {[%mdl 2048] White is pushing.} Qg4 $2 (28... Qf7 $1 $14) 29. Bg5 $18 Rf7 {[#]} 30. Bh4 $2 (30. Rf4 $1 $18 {[%cal Rf4g4][%mdl 512]} exf4 31. Rxf4) 30... h6 $2 (30... Nxe6 $11 {and Black is okay.} 31. h3 Nc5 $1 {[%mdl 512]} 32. bxc5 Qc4 33. Qxc4 dxc4) 31. a3 ({White should play} 31. Nc3 $18) 31... Qc4 (31... Nxe6 $11 32. h3 {[#]} Nc5 $1 {[%mdl 512]} 33. bxc5 Qc4) 32. Qd2 ({Better is} 32. Qb1 $16) 32... Qe4+ (32... Nxe6 $11 33. fxe6 Rxf2+ 34. Rxf2 Nd6) 33. Kg1 {Strongly threatening Nc3.} Nxe6 34. fxe6 Rxf2 35. Rxf2 Bg7 $2 (35... Nc7 $16) 36. Nc3 $1 {[%csl LRd5,LRe4][%mdl 64] Double Attack} Qd4 37. Nxd5 Qa1+ (37... Nd6 $142 38. e7 Rc8 39. Nf6+ Bxf6) 38. Kg2 Qxa3 (38... Qd4 $18 39. Qxd4 exd4) 39. Ne7+ (39. Bf6 $142 Bf8 40. Bxe5 Qxb4 41. Nxb4 Bg7 42. Qd7 Rd8 43. Qxd8 Bxe5 44. Qxe8+ Kh7 45. Qf7+ {[%mdl 64] Double Attack} Kh8 46. e7 Bg7 47. e8=R+ {[%mdl 64] Discovered Attack} Kh7 48. Qf5#) 39... Kh8 40. Ng6+ Kg8 41. Be7 $2 (41. Qd7 {Intending Rf8+! and mate.} Kh7 42. Qxb7) 41... Qb3 (41... Qa6 {keeps fighting.} 42. Qd7 Qc6+ 43. Kh3 Nc7) 42. Qd7 Qc4 {intending ...Qe4+.} 43. Qxb7 Rc8 (43... Nc7 {was necessary.} 44. Bc5 Qd5+ 45. Qxd5 Nxd5) 44. Bc5 {White threatens Rf8+! and mate.} Rc7 45. Qa8 $2 (45. Ne7+ $18 {is the precise move to win.} Kh7 46. Qd5 Qxd5+ 47. Nxd5) 45... Qxe6 $16 46. Nf8 Qc6+ 47. Qxc6 Rxc6 48. Nd7 a6 49. Nxe5 Bxe5 50. Rf8+ {[%mdl 64] Double Attack} Kg7 {Hoping for ...Rxc5!} 51. Rxe8 {[%mdl 4096] Endgame KRB-KRB} Kf6 52. Kf3 {And now Ke4 would win.} Bd6 $2 {[%mdl 8192]} (52... Re6 $16 53. Rd8 Kf7 54. Rf8+ Kg6 55. Rg8+ Kf7) 53. Rh8 $18 {White is clearly winning.} Kg7 54. Bd4+ Kg6 55. Be3 Rc4 56. Rxh6+ Kf7 57. Rxd6 Rxb4 58. Rxa6 {Accuracy: White = 43%, Black = 18%.} 1-0

[Event "8. Arber-Schachopen 2019"]
[Site "Bodenmais"]
[Date "2019.07.28"]
[Round "2.22"]
[White "Weisheit, Erik"]
[Black "Schelle, Artur"]
[Result "0-1"]
[WhiteElo "1862"]
[BlackElo "2176"]
[Annotator "TA"]
[PlyCount "66"]
[EventDate "2019.07.27"]
[EventCountry "GER"]
[SourceTitle "playchess.com"]
[Source "ChessBase"]
[SourceQuality "1"]

{[%evp 9,66,0,3,-10,18,3,19,0,3,10,44,29,39,22,38,-28,-3,-26,32,6,0,1,0,5,2,-17,-7,-31,0,0,0,-10,-9,-54,-44,-67,-66,-66,-71,-78,-75,-82,-56,-65,-65,-49,-40,-154,-152,-152,-147,-664,-657,-665,-650,-1280,-1051,-29987,-29987]} 1. e4 g6 2. d4 Bg7 3. Nc3 c6 4. f4 d5 5. Nf3 (5. e5 Nh6 6. Nf3 Bg4 7. h3 Bxf3 8. Qxf3 Nf5 9. Ne2 e6 10. g4 Ne7 11. Ng3 f6 12. exf6 Bxf6 13. c3 Bh4 14. Bd2 Qd6 15. O-O-O Nd7 16. Bd3 {0-1 (52) Wagner,D (2572)-Aronian,L (2780) Douglas 2018}) 5... dxe4 6. Nxe4 {B15: Caro-Kann: 3 Nc3: 3...g6 and 3...dxe4 4 Nxe4 Nf6 5 Nxf6+ exf6} Nd7 7. Bc4 {Hoping for Nfg5.} Nh6 $146 ({Predecessor:} 7... Ngf6 8. Neg5 O-O 9. Ne5 Nd5 10. O-O N7f6 11. Bb3 h6 {1-0 (45) Smirnov,T (2332)-Afanasiev,N (2487) Moscow 2018}) 8. O-O {The position is equal.} O-O 9. c3 Nb6 10. Bd3 Nd5 11. h3 Qc7 12. Nh4 (12. Qe1 $14) 12... Nf5 13. Qe1 Nf6 ({Black should play} 13... e6 $11) 14. g4 Nxh4 15. Qxh4 Nxe4 16. Bxe4 f5 17. Bd3 c5 $36 {[%mdl 2048] White is under pressure.} 18. Be3 (18. Re1 $5 {[%cal Re1e7]} cxd4 19. Rxe7 $15) 18... Bf6 19. g5 cxd4 20. cxd4 {[#] And now Rac1 would win.} Bg7 21. Rfe1 (21. Rac1 $5 {[%cal Rc1c7]} Qd6 22. Bc4+ Be6 23. d5 $11) 21... Be6 22. Re2 Bd5 23. Qe1 Rac8 24. Rc1 Qd6 25. b3 Kh8 26. Rec2 Rxc2 27. Rxc2 Bc6 28. Qc3 {[#]} ({Better is} 28. Bf1 $15) 28... Qd5 $1 $17 {[%cal Rd5h1] aiming for ...Qh1+.} 29. Rh2 Rd8 {...Qf3 is the strong threat.} 30. Qc4 $2 {[%mdl 8192]} (30. Bf1 $17) 30... Qf3 $19 31. Bf2 {If White can now play Bf1 this consolidates a bit.} Qxf4 {[%mdl 64] Double Attack} 32. h4 Rxd4 33. Qe6 Qg4+ {Accuracy: White = 10%, Black = 57%.} 0-1

[Event "8. Arber-Schachopen 2019"]
[Site "Bodenmais"]
[Date "2019.07.28"]
[Round "2.23"]
[White "Schmid, Wolfgang"]
[Black "Heiduk, Christoph"]
[Result "1/2-1/2"]
[WhiteElo "2162"]
[BlackElo "1870"]
[Annotator "TA"]
[PlyCount "97"]
[EventDate "2019.07.27"]
[EventCountry "GER"]
[SourceTitle "playchess.com"]
[Source "ChessBase"]
[SourceQuality "1"]

{[%evp 13,97,23,35,0,199,94,76,29,124,98,92,71,89,81,84,60,84,28,113,101,103,64,56,55,48,52,75,84,87,54,156,63,60,47,54,0,0,0,4,-14,39,0,0,0,0,0,0,0,0,0,0,0,0,0,89,11,11,11,14,8,30,10,30,25,25,8,54,8,6,7,5,8,20,8,8,0,0,0,0,0,0,0,0,0,0,0]} 1. e4 c5 2. Nf3 Nc6 3. d4 cxd4 4. Nxd4 e5 5. Nb5 d6 6. N1c3 a6 7. Na3 Be7 8. Nd5 {B32: Sicilian: Löwenthal and Kalashnikov Variations} (8. Nc4 b5 9. Ne3 Nf6 10. g3 O-O 11. Bg2 b4 12. Ncd5 Nxd5 13. Nxd5 Bg5 14. Bxg5 Qxg5 15. a3 bxa3 16. Rxa3 {½-½ (42) Robson,R (2667)-Moranda,W (2595) chess.com INT 2019}) 8... f5 $2 (8... Nf6 $11 {and Black is okay.}) 9. exf5 $146 (9. Be3 $1 $18 {[%cal Re3b6] Bb6 is the strong threat.} Kf8 10. exf5) ({Predecessor:} 9. Be3 Nd4 10. c3 f4 11. Bxd4 exd4 12. Qxd4 Nf6 13. Nxf4 O-O 14. Bc4+ Kh8 15. O-O Re8 {1-0 (43) Singgih,D (1897)-Cheng,R (1151) Penang 2017}) 9... Bxf5 $16 10. Nc4 {White is better.} b5 (10... Nf6 $11 {remains equal.} 11. Nce3 Be6) 11. Nxe7 Kxe7 12. Bg5+ Nf6 13. Ne3 Be6 14. Be2 d5 15. Bg4 (15. O-O $16) 15... h5 (15... d4 $11 16. Bxe6 dxe3) 16. Bxe6 Kxe6 17. Bxf6 gxf6 18. Qf3 Ne7 19. c3 Qa5 20. O-O Rad8 21. Rfd1 Rd6 (21... Qa4 $14) 22. a3 (22. a4 $16) 22... Qa4 $14 23. Rd2 Qe4 24. Qxe4 (24. Qd1 {feels hotter.} Nf5 25. Nxf5 Qxf5 26. a4 Qg4 27. Qe1) 24... dxe4 25. Rxd6+ Kxd6 {[%mdl 4096] Endgame KRN-KRN} 26. Kf1 Kc6 (26... Rb8 $11) 27. Ke2 f5 28. a4 Kb6 29. axb5 axb5 30. Rd1 Kc6 31. c4 f4 32. cxb5+ Kxb5 33. Nd5 Nf5 {[#]} (33... Nxd5 $11 34. Rxd5+ {[%mdl 64] Double Attack} Kc4 35. Rxe5 Kd4) 34. Nc3+ ({Better is} 34. Nxf4 $1 $16 {[%mdl 512] Hoping for Rd5+.} Nd4+ (34... exf4 35. Rd5+) 35. Kf1) 34... Kc4 $11 35. Nxe4 Nd4+ 36. Ke1 Rg8 37. g3 Nf3+ 38. Ke2 Nxh2 39. Rh1 fxg3 40. fxg3 Kd4 {The position is equal.} 41. Nd2 Ng4 42. Rxh5 e4 43. Rb5 Nf6 44. Nf1 Nd5 45. Rb3 Rc8 46. Kd2 Rf8 47. Ke2 Rc8 48. Kd2 Rf8 49. Ke2 {Accuracy: White = 42%, Black = 49%.} 1/2-1/2